| 000 | 00493nam a22001817a 4500 | ||
|---|---|---|---|
| 003 | OSt | ||
| 005 | 20260313030820.0 | ||
| 008 | 260313b |||||||| |||| 00| 0 eng d | ||
| 020 | _a 0-812-50297-3. | ||
| 040 |
_aDWC-Main lib _cOC |
||
| 082 | _aFic. M113c 1987 | ||
| 100 | _aMccaffrey, Anne | ||
| 245 |
_aThe coelura/ _cAnne Mccaffrey |
||
| 260 |
_aN.Y. : _bTom Doherty Associates, _cc1987. |
||
| 300 |
_a156 p. _b:ill. ; _c17 cm. |
||
| 650 | _a1. Fiction | ||
| 942 |
_2ddc _cFIC. _kFic. _n0 |
||
| 999 |
_c9102 _d9102 |
||